| 000 | 00808nam a22002177i 4500 | ||
|---|---|---|---|
| 999 |
_c23018 _d23018 |
||
| 003 | AR-CdUCM | ||
| 008 | 240827b20212021 pe||||| |||| 00| 0 spa d | ||
| 020 | _a978-612-48625-2-6 | ||
| 040 |
_aMUNICIPALIDAD PROVINCIAL DEL CUSCO _cBIBLIOTECA MUNICIPAL DEL CUSCO |
||
| 082 |
_a985.04 / M61W _bM61W |
||
| 100 |
_aMinisterio de Cultura del Perú _950267 |
||
| 245 |
_a200 Wata Qipanman : _bTapukun yachaqkuna, Wiñay kawsaymanta rimariqkuna, kutichin / |
||
| 260 |
_aLima : _bProyecto Especial Bicentenario de la Independencia del Perú, _c2021 |
||
| 300 |
_a149 páginas. : _c24 cm. |
||
| 650 |
_aTexto en quechua _950176 |
||
| 650 |
_aIndependencia nisqanmanta tantiyariy _950283 |
||
| 650 |
_aChay pachakuna _950284 |
||
| 650 |
_aAwqanakuymanta _950285 |
||
| 942 |
_2ddc _cLIBROS |
||
| 945 |
_apbj _d2024-08-27 |
||